01790nab a2200493 a 450000100060000000300080000600500170001400600190003100700150005000800410006502200140010603500210012004000260014105000230016708000080019011000120019822200750021024502060028526000350049130000130052636200290053953301640056854600690073265000160080165000430081765000160086065000140087665000140089065000390090465000140094365000150095765000140097265000130098665100200099965100110101965300120103065300290104265300200107165500320109171000190112374000760114285600610121899900170127930047FlNmELB20241216220537.0m o d | cr cn|||||||||200709r20002006sp |||||s|||||||||||spa d z213809310 a(OCoLC)955372336 aFlNmELBbspacFlNmELB 4aHG930bC578 2000eb a3341 aCIRIEC. 0aCIRIEC-España. Revista de Economía Pública, Social y Cooperativa13aLa reforma de la política estructural para el nuevo período de perspectivas financieras de la U. E. 2000-2006h[recurso electronico]bel Fondo Social Europeo: su aplicación en España /cCIRIEC. aValencia :bRed CIRIEC,c2000. a14-31 p.0 aNúm. 35 (Agosto 2000)- aRecurso electrónico. Santa Fe, Arg.: e-libro, 2015. Disponible vía World Wide Web. El acceso puede estar limitado para las bibliotecas afiliadas a e-libro. aArtículos en castellanos; resúmenes en inglés y francés. 4aEconomía. 4aSistemas económicos internacionales. 4aPolítica. 4aFinanzas. 4aEspaña. 0aFinancezEuropean Union countries. 0aBusiness. 0aEconomics. 0aPolitics. 0aFinance. 0aEuropean Union. 0aSpain. aNegocio aEconomía internacional aUnión Europea 4aArtículos electrónicos.2 ae-libro, Corp.02aCIRIEC-España. Revista de Economía Pública, Social y Cooperativa.40uhttps://elibro.net/ereader/politecnicointernacional/8649 c30047d30047